Southville International School and Colleges
Your cart is empty.
  • Cart
  • Lists
    Public lists Eva Luna New books Lux_list list_1
    Your lists Log in to create your own lists
  • Log in to your account
  • Your cookies
  • Search history
Southville International School and Colleges
  • Advanced search
  • Recent comments
  • Most popular
  • Libraries

Log in to your account

Log in with GOOGLE


If you do not have an external account, but do have a local account, you can still log in:

  1. Home
  2. MARC view: Blind man's bluff :
Normal view MARC view ISBD view

Blind man's bluff : (Record no. 288536)

[ view plain ]
MARC details
000 -LEADER
fixed length control field 01429cam a2200349 a 4500
001 - CONTROL NUMBER
control field 2616042
003 - CONTROL NUMBER IDENTIFIER
control field PILC
005 - DATE AND TIME OF LATEST TRANSACTION
control field 20150827140851.0
008 - FIXED-LENGTH DATA ELEMENTS--GENERAL INFORMATION
fixed length control field 980707s1998 nyuab b 001 0 eng
010 ## - LIBRARY OF CONGRESS CONTROL NUMBER
LC control number 98030221
020 ## - INTERNATIONAL STANDARD BOOK NUMBER
International Standard Book Number 1891620088
040 ## - CATALOGING SOURCE
Original cataloging agency DLC
Transcribing agency DLC
Modifying agency DLC
043 ## - GEOGRAPHIC AREA CODE
Geographic area code n-us---
050 00 - LIBRARY OF CONGRESS CALL NUMBER
Classification number VB 231.U54
Item number .So65 1998
082 00 - DEWEY DECIMAL CLASSIFICATION NUMBER
Classification number 359.9/84
100 1# - MAIN ENTRY--PERSONAL NAME
Personal name Sontag, Sherry,
Dates associated with a name 1960-
245 10 - TITLE STATEMENT
Title Blind man's bluff :
Remainder of title the untold story of American submarine espionage /
Statement of responsibility, etc Sherry Sontag and Christopher Drew, with Annette Lawrence Drew.
260 ## - PUBLICATION, DISTRIBUTION, ETC. (IMPRINT)
Place of publication, distribution, etc New York :
Name of publisher, distributor, etc Public Affairs,
Date of publication, distribution, etc 1998.
300 ## - PHYSICAL DESCRIPTION
Extent xvii, 514 pages :
Other physical details illustrations ;
Dimensions 25 cm.
500 ## - GENERAL NOTE
General note Includes bibliographical references and index.
610 10 - SUBJECT ADDED ENTRY--CORPORATE NAME
Corporate name or jurisdiction name as entry element United States.
Subordinate unit Navy
General subdivision Submarine forces.
650 #0 - SUBJECT ADDED ENTRY--TOPICAL TERM
Topical term or geographic name as entry element Military intelligence
Geographic subdivision United States.
650 #0 - SUBJECT ADDED ENTRY--TOPICAL TERM
Topical term or geographic name as entry element Espionage, American.
700 1# - ADDED ENTRY--PERSONAL NAME
Personal name Drew, Christopher,
Dates associated with a name 1956-
700 1# - ADDED ENTRY--PERSONAL NAME
Personal name Drew, Annette Lawrence.
856 42 - ELECTRONIC LOCATION AND ACCESS
Materials specified Book review (H-Net)
Uniform Resource Identifier <a href="http://www.h-net.org/review/hrev-a0b1d5-aa">http://www.h-net.org/review/hrev-a0b1d5-aa</a>
856 42 - ELECTRONIC LOCATION AND ACCESS
Materials specified Contributor biographical information
Uniform Resource Identifier <a href="http://www.loc.gov/catdir/enhancements/fy0828/98030221-b.html">http://www.loc.gov/catdir/enhancements/fy0828/98030221-b.html</a>
856 42 - ELECTRONIC LOCATION AND ACCESS
Materials specified Publisher description
Uniform Resource Identifier <a href="http://www.loc.gov/catdir/enhancements/fy0828/98030221-d.html">http://www.loc.gov/catdir/enhancements/fy0828/98030221-d.html</a>
906 ## - LOCAL DATA ELEMENT F, LDF (RLIN)
a 7
b cbc
c orignew
d 1
e ocip
f 19
g y-gencatlg
942 ## - ADDED ENTRY ELEMENTS (KOHA)
Source of classification or shelving scheme Library of Congress Classification
Koha item type Books
Holdings
Withdrawn status Lost status Source of classification or shelving scheme Damaged status Home library Current library Shelving location Date acquired Source of acquisition Sub Shelving location Total Checkouts Full call number Barcode Date last seen Price effective from Koha item type
    Library of Congress Classification   College Library College Library General Circulation Section 08/27/2015 Donation     VB 231.U54 .So65 1998 C19844 05/15/2018 08/27/2015 Books

Blind man's bluff :

APA

Sontag S., Drew C. & Drew A. L. (1998). Blind man's bluff. New York: Public Affairs.

Chicago

Sontag Sherry, Drew Christopher and Drew Annette Lawrence. 1998. Blind man's bluff. New York: Public Affairs.

Harvard

Sontag S., Drew C. and Drew A. L. (1998). Blind man's bluff. New York: Public Affairs.

MLA

Sontag Sherry, Drew Christopher and Drew Annette Lawrence. Blind man's bluff. New York: Public Affairs. 1998.

  • Place hold
  • Print
  • Cite
  • Add to your cart (remove)
  • Save record
    BIBTEX Dublin Core MARCXML MARC (non-Unicode/MARC-8) MARC (Unicode/UTF-8) MARC (Unicode/UTF-8, Standard) MODS (XML) RIS
  • More searches
    Search for this title in:
    Other Libraries (WorldCat) Other Databases (Google Scholar) Online Stores (Bookfinder.com) Open Library (openlibrary.org)

Exporting to Dublin Core...

SOUTHVILLE LIBRARY

Southville International School and Colleges Library

1281 Tropical Ave. Cor. Luxembourg St., BF Homes International, Las Pinas City

Tel. No. 8256374 / 252358 Loc. 117/146

Powered by Koha